| 000 | 00986cad a22002175a 4500 | ||
|---|---|---|---|
| 001 | L143611 | ||
| 008 | 070417e20070614xxk f 000 0 eng d | ||
| 035 | _a(Sirsi) u143611 | ||
| 041 | 0 | _aeng | |
| 110 | 2 |
_aRoyal Institution of Chartered Surveyors _94900 |
|
| 245 | 0 | 0 |
_aRICS view _bRating (Empty Properties) Bill _h[electronic resource] |
| 260 |
_aLondon _bRICS _c2007 |
||
| 490 | _aRICS View | ||
| 520 | _aPosition paper on the UK Government's Rating (Empty Properties) Bill. Argues that removing rate relief on empty property will not achieve Government's intended aim of increasing the supply of commercial property in England and Wales. | ||
| 590 | _aKA | ||
| 650 | 2 | 4 | _aRATING (EMPTY PROPERTIES) ACT 2007 |
| 651 | 4 |
_aEngland and Wales _y1543- |
|
| 690 | _aPROPERTY-COMMERCIAL PROPERTY- COMMERCIAL PROPERTY TAXATION-BUSINESS RATES | ||
| 856 | 4 | 0 |
_uhttps://www.rics.org/RICSWEB/getpage.aspx?p=mPlGFG7rUEau-S-sX2oevg _zView the item free of charge at www.rics.org... |
| 942 | _n0 | ||
| 999 |
_c80245 _d80245 |
||